Statistics for Classical Music- All C's

Click here to take the quiz!

General Stats

  • This quiz has been taken 238 times
  • The average score is 9 of 14

Answer Stats

HintAnswer% Correct
19th century Polish composer and pianist who spent most of his life in ParisChopin
98%
Woodwind reed instrument featured in opening of Gershwin's "Rhapsody in Blue"clarinet
89%
Several tones combined to create specific sound qualities: for example, major, minor, diminished, augmentedchord
85%
Schumann's wife's first nameClara
83%
A multi-movement musical composition written for soloist(s) and orchestraconcerto
83%
Key signature (3 flats) of Beethoven's 5th symphonyc minor
81%
A scale consisting of only half-stepschromatic
71%
A virtuostic unaccompanied passage in a concertocadenza
68%
Music composed for a small group of instruments, for example, string quartetschamber music
66%
Carl Orff's best known composition, written for voice and orchestraCarmina Burana
55%
Compositional technique in which voices are interwoven and overlapping, partucularly dominant in the Baroque eracounterpoint
45%
A choral composition usually of a secular nature, popular in the Baroquecantata
39%
Mozart's wife's first nameConstanze
28%
Term used for the early predecessors of the piano, the harpsichord and the clavichordclavier
26%

Score Distribution

Percentile by Number Answered

Percent of People with Each Score

Your Score History

You have not taken this quiz